<?xml version="1.0" encoding="UTF-8"?>
<record
    xmlns:xsi="http://www.w3.org/2001/XMLSchema-instance"
    xsi:schemaLocation="http://www.loc.gov/MARC21/slim http://www.loc.gov/standards/marcxml/schema/MARC21slim.xsd"
    xmlns="http://www.loc.gov/MARC21/slim">

  <leader>00849na  a2200241   4500</leader>
  <controlfield tag="001">20665</controlfield>
  <controlfield tag="003">MIRAKIL</controlfield>
  <controlfield tag="005">20181213155141.0</controlfield>
  <controlfield tag="008">170126b        tu            000 0      </controlfield>
  <datafield tag="035" ind1=" " ind2=" ">
    <subfield code="a">20665</subfield>
  </datafield>
  <datafield tag="040" ind1=" " ind2=" ">
    <subfield code="a">Milas</subfield>
    <subfield code="b">tur</subfield>
    <subfield code="c">TR-AnCHP</subfield>
  </datafield>
  <datafield tag="041" ind1=" " ind2=" ">
    <subfield code="a">tur</subfield>
  </datafield>
  <datafield tag="082" ind1=" " ind2=" ">
    <subfield code="a">324.2382</subfield>
    <subfield code="b">E61y 1992</subfield>
  </datafield>
  <datafield tag="090" ind1=" " ind2=" ">
    <subfield code="a">324.2382 E61y 1992</subfield>
  </datafield>
  <datafield tag="100" ind1=" " ind2=" ">
    <subfield code="a">Erbakan, Necmettin</subfield>
  </datafield>
  <datafield tag="245" ind1=" " ind2=" ">
    <subfield code="a">Y&#x131;k&#x131;lan tabular</subfield>
    <subfield code="b">Refah Partisi il ba&#x15F;kanlar&#x131; ve il m&#xFC;fetti&#x15F;leri toplant&#x131;s&#x131;nda genel ba&#x15F;kan Prof. Dr. Necmettin Erbakan'&#x131;n yapt&#x131;&#x11F;&#x131; konu&#x15F;ma (21 Kas&#x131;m 1992)</subfield>
    <subfield code="c">Necmettin Erbakan</subfield>
  </datafield>
  <datafield tag="260" ind1=" " ind2=" ">
    <subfield code="a">[y.y.]</subfield>
    <subfield code="b">Refah Partisi</subfield>
    <subfield code="c">1992</subfield>
  </datafield>
  <datafield tag="300" ind1=" " ind2=" ">
    <subfield code="a">30 s.</subfield>
    <subfield code="c">18 sm.</subfield>
  </datafield>
  <datafield tag="600" ind1=" " ind2=" ">
    <subfield code="a">Erbakan, Necmettin</subfield>
    <subfield code="d">1926-2011</subfield>
    <subfield code="x">Konu&#x15F;malar</subfield>
    <subfield code="y">Toplant&#x131;lar</subfield>
  </datafield>
  <datafield tag="610" ind1=" " ind2=" ">
    <subfield code="a">Refah Partisi (RP)</subfield>
    <subfield code="x">Genel ba&#x15F;kanlar</subfield>
    <subfield code="y">Konu&#x15F;malar</subfield>
  </datafield>
  <datafield tag="650" ind1=" " ind2=" ">
    <subfield code="a">Siyasal partiler</subfield>
    <subfield code="x">Dinci partiler</subfield>
  </datafield>
  <datafield tag="942" ind1=" " ind2=" ">
    <subfield code="2">dcc</subfield>
    <subfield code="c">BKS</subfield>
  </datafield>
  <datafield tag="952" ind1=" " ind2=" ">
    <subfield code="a">0001</subfield>
    <subfield code="b">0001</subfield>
    <subfield code="d">2017-01-26</subfield>
    <subfield code="e">2</subfield>
    <subfield code="l">0</subfield>
    <subfield code="o">324.2382 E61y 1992</subfield>
    <subfield code="p">012636</subfield>
    <subfield code="r">2017-01-26 00:00:00</subfield>
    <subfield code="v">0.00</subfield>
    <subfield code="w">2017-01-26</subfield>
    <subfield code="y">BKS</subfield>
  </datafield>
  <datafield tag="999" ind1=" " ind2=" ">
    <subfield code="c">7513</subfield>
    <subfield code="d">7513</subfield>
  </datafield>
</record>
